| 000 | 00613nam a2200205 a 4500 | ||
|---|---|---|---|
| 005 | 20220915064204.0 | ||
| 008 | 080219s2002 mx r 000 0 spa d | ||
| 020 | _a8478445900 | ||
| 035 | _aUPN01000154291 | ||
| 049 | _aCG | ||
| 050 | 4 |
_aPT8176.28 E9.8 _bB8.7 |
|
| 100 | 1 |
_aReuter, Bjarne, _d1950- |
|
| 245 | 1 | 0 |
_aBuscando amigos para salvar el mundo / _cBjarne Reuter ; tr. Peter Wessel. |
| 260 |
_aMadrid : _bSiruela, _cc2002. |
||
| 300 | _a164 p. | ||
| 440 | 4 |
_aLas tres edades ; _v87. _pDe 10 en adelante |
|
| 534 |
_pTraducción de: _tEn som hodder |
||
| 650 | 0 |
_aAmistad _vNovela _98175 |
|
| 905 | _aLibro | ||
| 999 |
_c126408 _d126408 |
||